00664nam a2200205 a 450000100100000000500170001000800410002702000150006804000250008308200150010810000250012324500580014826000360020630000210024249000120026370000350027583000180031095201130032899900170044100003644720200930075733.0120118s1991 ve 000 0 spa d a9800105522 aDO-SdBNPbspacBNPHU axxxxbxxxx1 aMutis, Alvaro92279610aAntología /cAlvaro Mutis ; prólogo José Balza. aCaracas, :bMonte Avila,c1991. a111 p. ;c20 cm.1 aAltazor1 aBalza, José,epról.920661 0aAltazor98724 001050718MOaGRbGRcHDd2012-01-18iLF1l0oxxxx xxxxp36448-10r2020-06-25w2020-06-25y1ZNo se presta c35938d35938